000 00950nam a2200277 i 4500
001 193634
003 ES-MaACL
005 20250827211814.0
007 ta
008 240131s1999 sp | |||| 000 spa
040 _aEs-MaACL
100 1 _aLazcano, Asís,
_d1966-
_eaut
_9234986
245 1 4 _aLas cenizas del esplendor /
_cAsís Lazcano
264 1 _a[Madrid :
_bLa Vanguardia],
_c1999
300 _a1 páginas :
_b2 ilustraciones ;
_c30 cm
300 _a1 página ;
_b2 ilustraciones ;
_g30 cm
336 _aTexto
_2rdacontent
337 _asin mediación
_2rdamedia
338 _avolumen
_2rdacarrier
500 _aDos fotocopias del artículo de Asís Lazcano sobre el Ateneo de Madrid, publicado "La Vanguardia", 8 de diciembre de 1999
610 2 4 _aAteneo de Madrid-
_vHistoria
_91925
655 4 _aArtículos
_9175745
852 4 _aES-MaACL
_cDEPOF
_j2347-F- 11
_9201138
942 _2udc
_cART_PRENSA
_n0
999 _c193634
_d193634